ბათუმის შოთა რუსთაველის სახელმწიფო უნივერსიტეტის ბიბლიოთეკა

ქირურგიული დაავადებები : (ბიბ.ჩანაწერი № 44004)

000 -ლიდერი
ფიქსირებული სიგრძის საკონტროლო ველი 01154nam a2200229Ia 4500
001 - საკონტროლო ნომერი
საკონტროლო ველი 10754
003 - საკონტროლო ნომრის იდენტიფიკატორი
საკონტროლო ველი GE_BSU
005 - ბოლო ოპერაციის თარიღი და დრო
საკონტროლო ველი 20250306114235.0
008 - ფიქსირებული სიგრძის მონაცემთა ელემენტები - ზოგადი ინფორმაცია
ფიქსირებული სიგრძის საკონტროლო ველი 181216s2012||||ge |||||||||||||| ||geo||
020 ## - წიგნის საერთაშორისო სტანდარტული ნომერი
International Standard Book Number 9789941106392
040 ## - კატალოგიზაციის წყარო
Transcribing agency GE_BSU
041 ## - ენის კოდი
Language code of text/sound track or separate title geo
080 ## - უნივერსალური ათობითი კლასიფიკაციის ინდექსი
Universal Decimal Classification number 617-089(075.8) გ-82
100 ## - მთავარი ჩანაწერი - პიროვნების სახელი
Personal name გრიგოლია,ნოდარ
9 (RLIN) 24469
245 ## - ცნობა სათაურის შესახებ
Title ქირურგიული დაავადებები :
Remainder of title სახელმძღვანელო სამედიცინო უნივერსიტეტის სტუდენტებისა და ახალგაზრდა ექიმებისათვის /
Statement of responsibility, etc ნოდარ გრიგოლია ; რედ. გიორგი გიორგობიანი.
264 ## - წარმოების, გამოცემის, დისტრიბუციის და სხვა ცნობები
გამოცემის, წარმოების, დისტრიბუციის... ადგილი თბილისი :
გამოცემის, წარმოების, დისტრიბუციის... სახელწოდება მერიდიანი,
გამოცემის, წარმოების, დისტრიბუციის... თარიღი 2012
300 ## - ფიზიკური აღწერა
Extent 550 გვ;
Other physical details 20 სმ.
Dimensions ილ.
653 ## - INDEX TERM--UNCONTROLLED
Uncontrolled term ქირურგიული დაავადებები.
653 ## - INDEX TERM--UNCONTROLLED
Uncontrolled term მედიცინა
700 ## - ADDED ENTRY--PERSONAL NAME
Personal name გიორგობიანი, გიორგი
Relator term რედაქტორი
9 (RLIN) 24470
942 ## - ADDED ENTRY ELEMENTS (KOHA)
Koha item type წიგნი
Source of classification or shelving scheme
ეგზემპლარები
ჩამოწერის სტატუსი დაკარგული ეგზემპლარის სტატუსი კლასიფიკაციის წყარო ან თაროზე გაწყობის სქემა დაზიანების სტატუსი არ გაიცემა მუდმივი მდებარეობა (დაცვის ადგილი) ამჟამინდელი ადგილსამყოფელი თაროზე განთავსების ადგილი შეძენის თარიღი ღირებულება, შესყიდვის ნორმალური ფასი სრული შენახვის შიფრი შტრიხკოდი ბოლო ოპერაციის თარიღი ეგზემპლარის მიმდევრობითი ნომერი (კეტერი?) ფასის ძალაში შესვლის თარიღი ეგზემპლარის სახეობა საჯარო შენიშვნა
          ბათუმის შოთა რუსთაველის სახელმწიფო უნივერსიტეტის მთავარი ბიბლიოთეკა ბათუმის შოთა რუსთაველის სახელმწიფო უნივერსიტეტის მთავარი ბიბლიოთეკა წიგნსაცავი 2018-12-17 53.00 617-089(075.8) გ-82 35027 2018-12-17 35027 2018-12-17 წიგნი 53 ლ.
          ბათუმის შოთა რუსთაველის სახელმწიფო უნივერსიტეტის მთავარი ბიბლიოთეკა ბათუმის შოთა რუსთაველის სახელმწიფო უნივერსიტეტის მთავარი ბიბლიოთეკა წიგნსაცავი 2018-12-17 53.00 617-089(075.8) გ-82 35028 2018-12-17 35028 2018-12-17 წიგნი 53ლ.
          ბათუმის შოთა რუსთაველის სახელმწიფო უნივერსიტეტის მთავარი ბიბლიოთეკა ბათუმის შოთა რუსთაველის სახელმწიფო უნივერსიტეტის მთავარი ბიბლიოთეკა   2018-12-17 53.00 617-089(075.8) გ-82 35029 2018-12-17 35029 2018-12-17 წიგნი 53ლ.
          ბათუმის შოთა რუსთაველის სახელმწიფო უნივერსიტეტის მთავარი ბიბლიოთეკა ბათუმის შოთა რუსთაველის სახელმწიფო უნივერსიტეტის მთავარი ბიბლიოთეკა წიგნსაცავი 2018-12-17 53.00 617-089(075.8) გ-82 35030 2018-12-17 35030 2018-12-17 წიგნი 53 ლ.